[Event "Kesarovski Georgiev Memorial-B 12th"]
[Site "Sunny Beach"]
[Date "2013.09.07"]
[Round "8"]
[White "Malinovsky, Petr"]
[Black "Angelov, Angel"]
[Result "1-0"]
[WhiteElo "1980"]
[BlackElo "2163"]
[PlyCount "65"]
[EventDate "2013.08.31"]
[EventType "swiss"]
[EventRounds "9"]
[EventCountry "BUL"]
[SourceTitle "CBM 156 Extra"]
[Source "ChessBase"]
[SourceDate "2013.10.22"]
[SourceVersion "1"]
[SourceVersionDate "2013.10.22"]
[SourceQuality "1"]

1. d4 c5 2. d5 f5 3. b3 e5 4. dxe6 d5 5. Bb2 Bxe6 6. e3 Nc6 7. Nf3 Nf6 8. Nbd2 Be7 9. c4 0-0 10. Ng5 Bc8 11. cxd5 Nxd5 12. h4 h6 13. Bc4 Na5 14. Qh5 Bxg5 15. Bxd5+ Qxd5 16. hxg5 f4 17. Bxg7 fxe3 18. fxe3 Rf2 19. Qe8+ Kxg7 20. gxh6+ Kh7 21. Kxf2 Be6 22. Qe7+ Bf7 23. Qe4+ Kh8 24. Qxd5 Bxd5 25. e4 Be6 26. Ke3 Rg8 27. Rag1 Bg4 28. Rh4 Nc6 29. Nf3 Kh7 30. Kf4 Bxf3 31. Kxf3 Ne5+ 32. Ke3 Ng6 33. Rh5 1-0

[Event "Kesarovski Georgiev Memorial-B 12th"]
[Site "Sunny Beach"]
[Date "2013.09.03"]
[Round "4"]
[White "Bassel, Charaf"]
[Black "Angelov, Angel"]
[Result "1-0"]
[WhiteElo "2070"]
[BlackElo "2163"]
[PlyCount "71"]
[EventDate "2013.08.31"]
[EventType "swiss"]
[EventRounds "9"]
[EventCountry "BUL"]
[SourceTitle "CBM 156 Extra"]
[Source "ChessBase"]
[SourceDate "2013.10.22"]
[SourceVersion "1"]
[SourceVersionDate "2013.10.22"]
[SourceQuality "1"]

1. d4 c5 2. d5 f5 3. Nh3 Nf6 4. g3 g6 5. Bg2 Bg7 6. 0-0 0-0 7. Nd2 e5 8. dxe6 dxe6 9. Nc4 Nd5 10. Nf4 Nb6 11. Nd6 Qe7 12. Nxc8 Rxc8 13. e4 Rd8 14. Qe2 Nc6 15. exf5 Nd4 16. Qe4 gxf5 17. Qxb7 Qxb7 18. Bxb7 Rab8 19. Bg2 e5 20. Nh5 Nxc2 21. Rb1 Nd5 22. Bg5 Rd7 23. Rbc1 Rxb2 24. Rfd1 Nd4 25. Rxc5 Nc3 26. Rf1 e4 27. Bf6 Nce2+ 28. Kh1 Bf8 29. Bxd4 Rxd4 30. Rxf5 Rxa2 31. Bxe4 Nc3 32. Rg5+ Kf7 33. Bxh7 Bd6 34. Bg8+ Ke7 35. Bxa2 Nxa2 36. Re1+ 1-0

[Event "Veliko Tarnovo op"]
[Site "Veliko Tarnovo"]
[Date "2013.05.02"]
[Round "2"]
[White "Angelov, Angel"]
[Black "Dimitrov, Radoslav"]
[Result "0-1"]
[WhiteElo "2096"]
[BlackElo "2427"]
[PlyCount "116"]
[EventDate "2013.05.01"]
[EventType "swiss"]
[EventRounds "9"]
[EventCountry "BUL"]
[SourceTitle "CBM 154 Extra"]
[Source "ChessBase"]
[SourceDate "2013.06.25"]
[SourceVersion "2"]
[SourceVersionDate "2013.06.25"]
[SourceQuality "1"]

1. e4 Nf6 2. d3 d5 3. Nd2 c5 4. Ngf3 Nc6 5. g3 Bg4 6. h3 Bh5 7. Bg2 e6 8. 0-0 Be7 9. c3 0-0 10. g4 Bg6 11. Nh4 dxe4 12. dxe4 Bxe4 13. Nxe4 Nxe4 14. Bxe4 Bxh4 15. Qxd8 Rfxd8 16. Be3 Be7 17. f4 Rd7 18. Kf2 Rad8 19. Ke2 g6 20. Rad1 Rxd1 21. Rxd1 Rxd1 22. Kxd1 f5 23. Bf3 Bd6 24. Ke2 Kf7 25. gxf5 gxf5 26. Bxc6 bxc6 27. c4 Ke7 28. Kf3 Kd7 29. a3 Be7 30. Ke2 Bf6 31. Bxc5 Bxb2 32. Bxa7 Bxa3 33. Kf3 Kc7 34. Bd4 Kb7 35. Be5 Bc5 36. Ke2 Bb6 37. Kd3 Bc7 38. Kd4 c5+ 39. Kxc5 Bxe5 40. fxe5 Kc7 41. h4 h5 42. Kd4 Kc6 43. Kd3 Kc5 44. Kc3 f4 45. Kd3 f3 46. Ke3 Kxc4 47. Kxf3 Kd3 48. Kf4 Kd4 49. Kg5 Kxe5 50. Kxh5 Kf5 51. Kh6 e5 52. h5 e4 53. Kg7 e3 54. h6 e2 55. h7 e1Q 56. h8Q Qe7+ 57. Kh6 Qg5+ 58. Kh7 Qg6# 0-1

[Event "Varna op 6th"]
[Site "Varna"]
[Date "2012.07.17"]
[Round "6"]
[White "Angelov, Angel"]
[Black "Panbukchian, Valentin"]
[Result "1/2-1/2"]
[WhiteElo "2193"]
[BlackElo "2347"]
[PlyCount "45"]
[EventDate "2012.07.11"]
[EventType "swiss"]
[EventRounds "9"]
[EventCountry "BUL"]
[SourceTitle "CBM 149 Extra"]
[Source "ChessBase"]
[SourceDate "2012.08.24"]
[SourceVersion "1"]
[SourceVersionDate "2012.08.24"]
[SourceQuality "1"]

1. e4 d5 2. exd5 Qxd5 3. Nc3 Qd6 4. d4 Nf6 5. Nf3 a6 6. g3 Bg4 7. Bg2 Nc6 8. 0-0 0-0-0 9. d5 Nb4 10. Bf4 Qc5 11. Be3 Qc4 12. Ne5 Bxd1 13. Rfxd1 Qg4 14. Nxg4 Nxg4 15. Bh3 f5 16. Bxg4 fxg4 17. Bc5 e6 18. Bxb4 Bxb4 19. dxe6 Bxc3 20. bxc3 Rd6 21. Rd4 Rxe6 22. Rxg4 g6 23. Rf4 1/2-1/2

[Event "BUL-ch sf 76th"]
[Site "Plovdiv"]
[Date "2012.02.08"]
[Round "4"]
[White "Nikolova, Adriana"]
[Black "Angelov, Angel"]
[Result "1-0"]
[WhiteElo "2296"]
[BlackElo "2212"]
[PlyCount "79"]
[EventDate "2012.02.06"]
[EventType "swiss"]
[EventRounds "9"]
[EventCountry "BUL"]
[SourceTitle "CBM 146 Extra"]
[Source "ChessBase"]
[SourceDate "2012.02.29"]
[SourceVersion "1"]
[SourceVersionDate "2012.02.29"]
[SourceQuality "1"]

1. e4 e5 2. Nf3 Nc6 3. Bb5 a6 4. Ba4 d6 5. c3 Bd7 6. d4 h6 7. 0-0 Nge7 8. d5 Nb8 9. c4 Ng6 10. Nc3 Be7 11. b4 0-0 12. Qb3 Bc8 13. Ba3 a5 14. bxa5 Rxa5 15. Rac1 Kh8 16. Ne2 Na6 17. Bb5 Nc5 18. Bxc5 dxc5 19. Ng3 Bd6 20. Rc3 Nf4 21. Qb2 Qf6 22. Ne1 g6 23. Ne2 Kh7 24. Rb3 Nxe2+ 25. Qxe2 Ra8 26. Nd3 g5 27. Qe3 Rxa2 28. Nxc5 Bxc5 29. Qxc5 Qd6 30. Qe3 b6 31. f3 f6 32. c5 bxc5 33. Rc3 Ba6 34. Qxc5 Rf7 35. Rfc1 Ra5 36. Qa7 Rxb5 37. Rxc7 Rxc7 38. Rxc7+ Kg6 39. Rg7+ Kh5 40. Qf7+ 1-0

[Event "BUL-ch sf 76th"]
[Site "Plovdiv"]
[Date "2012.02.07"]
[Round "2"]
[White "Angelov, Angel"]
[Black "Kukov, Velislav"]
[Result "1/2-1/2"]
[WhiteElo "2212"]
[BlackElo "2414"]
[PlyCount "58"]
[EventDate "2012.02.06"]
[EventType "swiss"]
[EventRounds "9"]
[EventCountry "BUL"]
[SourceTitle "CBM 146 Extra"]
[Source "ChessBase"]
[SourceDate "2012.02.29"]
[SourceVersion "1"]
[SourceVersionDate "2012.02.29"]
[SourceQuality "1"]

1. Nf3 Nf6 2. g3 d5 3. Bg2 c6 4. 0-0 Bf5 5. d3 h6 6. c4 dxc4 7. dxc4 Qxd1 8. Rxd1 Nbd7 9. Nc3 e5 10. b3 Bb4 11. Bb2 Ke7 12. a3 Bd6 13. b4 Bc2 14. Rdc1 Bh7 15. Nd2 Rhd8 16. c5 Bc7 17. Nc4 e4 18. Nd1 g5 19. Nde3 Nd5 20. Bh3 Nxe3 21. Nxe3 h5 22. Bf5 Bxf5 23. Nxf5+ Ke6 24. Nd4+ Ke7 25. Nf5+ Ke6 26. Nd4+ Ke7 27. Nf5+ Ke6 28. Nd4+ Ke7 29. Nf5+ Ke6 1/2-1/2

[Event "BUL-ch sf 76th"]
[Site "Plovdiv"]
[Date "2012.02.06"]
[Round "1"]
[White "Kolev, Hristian"]
[Black "Angelov, Angel"]
[Result "0-1"]
[WhiteElo "1798"]
[BlackElo "2212"]
[PlyCount "36"]
[EventDate "2012.02.06"]
[EventType "swiss"]
[EventRounds "9"]
[EventCountry "BUL"]
[SourceTitle "CBM 146 Extra"]
[Source "ChessBase"]
[SourceDate "2012.02.29"]
[SourceVersion "1"]
[SourceVersionDate "2012.02.29"]
[SourceQuality "1"]

1. e4 e5 2. Nf3 Nc6 3. Bc4 Nf6 4. d4 exd4 5. 0-0 Nxe4 6. Re1 d5 7. Bxd5 Qxd5 8. Nc3 Qa5 9. Nxe4 Be6 10. Bg5 h6 11. Bh4 g5 12. Nf6+ Ke7 13. Bg3 Kxf6 14. Nxd4 Bd6 15. b4 Qd5 16. c3 Nxd4 17. cxd4 Bxg3 18. fxg3 Rad8 0-1

[Event "Dimitrovgrad op"]
[Site "Dimitrovgrad"]
[Date "2011.09.06"]
[Round "6"]
[White "Badev, Kiril"]
[Black "Angelov, Angel"]
[Result "1-0"]
[WhiteElo "2317"]
[BlackElo "2210"]
[PlyCount "61"]
[EventDate "2011.09.05"]
[EventType "swiss"]
[EventRounds "7"]
[EventCountry "BUL"]
[SourceTitle "CBM 144 Extra"]
[Source "ChessBase"]
[SourceDate "2011.10.28"]
[SourceVersion "1"]
[SourceVersionDate "2011.10.28"]
[SourceQuality "1"]

1. e4 c5 2. Nf3 e6 3. d4 cxd4 4. Nxd4 a6 5. g3 Qc7 6. Bg2 b6 7. 0-0 Bb7 8. Re1 d6 9. b3 Nf6 10. c4 Nc6 11. Bb2 Be7 12. Nc3 h5 13. h3 Ne5 14. Rc1 g5 15. a4 Rg8 16. a5 bxa5 17. Na4 h4 18. g4 Nfd7 19. Ra1 Nc5 20. Re3 Rb8 21. Bc3 Nc6 22. Nxc5 dxc5 23. Nxc6 Bxc6 24. Rxa5 Rd8 25. Qa1 Bb7 26. Ra3 Rd4 27. Re1 Qe5 28. Bxd4 cxd4 29. Ra5 Qc7 30. e5 Bxg2 31. Kxg2 1-0

[Event "BUL-chT2"]
[Site "Albena"]
[Date "2011.06.05"]
[Round "5.2"]
[White "Angelov, Angel"]
[Black "Yotov, Hristo"]
[Result "1-0"]
[WhiteElo "2223"]
[BlackElo "1987"]
[PlyCount "158"]
[EventDate "2011.06.02"]
[EventType "team-tourn"]
[EventRounds "9"]
[EventCountry "BUL"]
[SourceTitle "CBM 142 Extra"]
[Source "ChessBase"]
[SourceDate "2011.06.27"]
[SourceVersion "1"]
[SourceVersionDate "2011.06.27"]
[SourceQuality "1"]
[WhiteTeam "Shumen 2005"]
[BlackTeam "Lovech"]
[WhiteTeamCountry "BUL"]
[BlackTeamCountry "BUL"]

1. Nf3 d5 2. g3 Nf6 3. Bg2 g6 4. 0-0 Bg7 5. d3 0-0 6. c3 c6 7. Nbd2 Nbd7 8. Qc2 e5 9. e4 Re8 10. Re1 Qc7 11. b3 b6 12. Bb2 Bb7 13. Rad1 c5 14. exd5 Nxd5 15. a3 Ne7 16. Re2 Rad8 17. Rde1 f6 18. Qb1 Ba6 19. c4 Nf8 20. Ne4 Nf5 21. Nc3 Bb7 22. b4 Ne6 23. Nd5 Qc8 24. Qa2 Qa8 25. Nd2 Nfd4 26. Bxd4 Nxd4 27. Nc7 Nxe2+ 28. Rxe2 Qb8 29. Nxe8 Rxe8 30. Bxb7 Qxb7 31. bxc5 bxc5 32. Ne4 Qc6 33. Nc3 f5 34. Nd5 h5 35. Qd2 Kh7 36. Qg5 e4 37. dxe4 Rxe4 38. Rxe4 fxe4 39. Qe7 Qa4 40. Qxe4 Qxa3 41. Kg2 Qb2 42. Nf4 Qb6 43. Nxh5 Kh6 44. Nf4 Bd4 45. Ne6 Kh7 46. Qh4+ Kg8 47. Qe4 Kf7 48. Ng5+ Kf6 49. Qf4+ Ke7 50. Qf7+ Kd8 51. Ne6+ Kc8 52. Qe8+ Kb7 53. Qd7+ Ka6 54. Nc7+ Ka5 55. Nd5 Qa6 56. h4 Qxc4 57. Qxa7+ Qa6 58. Qc7+ Kb5 59. Qd7+ Qc6 60. Qxc6+ Kxc6 61. Ne7+ Kb5 62. Nxg6 c4 63. Nf4 c3 64. Ne2 Kc4 65. f4 c2 66. Kf3 Bb2 67. Ke4 Kc5 68. h5 Kd6 69. g4 Ke7 70. Kf5 Kf7 71. g5 c1Q 72. Nxc1 Bxc1 73. Kg4 Kg7 74. h6+ Kh7 75. f5 Bb2 76. Kh5 Bc3 77. f6 Bb2 78. f7 Bg7 79. g6+ Kh8 1-0

[Event "BUL-chT2"]
[Site "Albena"]
[Date "2011.06.03"]
[Round "2.5"]
[White "Angelov, Angel"]
[Black "Rusev, Jeliazko"]
[Result "1/2-1/2"]
[WhiteElo "2223"]
[BlackElo "2273"]
[PlyCount "73"]
[EventDate "2011.06.02"]
[EventType "team-tourn"]
[EventRounds "9"]
[EventCountry "BUL"]
[SourceTitle "CBM 142 Extra"]
[Source "ChessBase"]
[SourceDate "2011.06.27"]
[SourceVersion "1"]
[SourceVersionDate "2011.06.27"]
[SourceQuality "1"]
[WhiteTeam "Shumen 2005"]
[BlackTeam "Jambol Tundja"]
[WhiteTeamCountry "BUL"]
[BlackTeamCountry "BUL"]

1. g3 d5 2. Bg2 c6 3. Nf3 Bg4 4. 0-0 Nd7 5. d3 Ngf6 6. b3 e6 7. Bb2 Bc5 8. Nbd2 0-0 9. h3 Bh5 10. Qe1 Qc7 11. Kh2 Rfd8 12. e4 Bb4 13. a3 Bxf3 14. Bxf3 dxe4 15. dxe4 Bd6 16. Bg2 Be5 17. Bxe5 Qxe5 18. Nc4 Qh5 19. Qd1 Qg5 20. Qe2 Nb6 21. Ne3 Qe5 22. a4 a5 23. Rad1 Qc3 24. Rxd8+ Rxd8 25. Rd1 Rd4 26. e5 Nfd7 27. f4 Nc5 28. Rxd4 Qxd4 29. Qd1 Qxd1 30. Nxd1 Nd5 31. Kg1 Na6 32. Kf2 Nab4 33. Be4 f5 34. exf6 Nxf6 35. Bd3 Kf7 36. Ke3 Nxd3 37. Kxd3 1/2-1/2

[Event "BUL-ch sf 75th"]
[Site "Plovdiv"]
[Date "2011.02.13"]
[Round "9"]
[White "Vutov, M Mario"]
[Black "Angelov, Angel"]
[Result "0-1"]
[WhiteElo "2341"]
[BlackElo "2209"]
[PlyCount "62"]
[EventDate "2011.02.07"]
[EventType "swiss"]
[EventRounds "9"]
[EventCountry "BUL"]
[SourceTitle "CBM 140 Extra"]
[Source "ChessBase"]
[SourceDate "2011.03.01"]
[SourceVersion "1"]
[SourceVersionDate "2011.03.01"]
[SourceQuality "1"]

1. e4 e5 2. Nf3 Nc6 3. Bb5 a6 4. Ba4 d6 5. c3 Bd7 6. 0-0 Nge7 7. d4 h6 8. d5 Nb8 9. c4 Ng6 10. Nc3 Be7 11. Bxd7+ Nxd7 12. g3 Bg5 13. Nxg5 hxg5 14. Qg4 Nf6 15. Qxg5 Rh5 16. Qd2 Qd7 17. f3 0-0-0 18. Rf2 Rdh8 19. b4 Qh3 20. Rg2 Nh7 21. Qf2 Ng5 22. Bxg5 Rxg5 23. c5 Nf4 24. Ne2 Nxg2 25. Qxg2 Rgh5 26. Qxh3+ Rxh3 27. Kf2 Rxh2+ 28. Ke3 Rh1 29. Rxh1 Rxh1 30. Kd2 Rb1 31. Kc3 Ra1 0-1

[Event "BUL-ch sf 75th"]
[Site "Plovdiv"]
[Date "2011.02.11"]
[Round "7"]
[White "Nikolov, Jordan"]
[Black "Angelov, Angel"]
[Result "1/2-1/2"]
[WhiteElo "2101"]
[BlackElo "2209"]
[PlyCount "66"]
[EventDate "2011.02.07"]
[EventType "swiss"]
[EventRounds "9"]
[EventCountry "BUL"]
[SourceTitle "CBM 140 Extra"]
[Source "ChessBase"]
[SourceDate "2011.03.01"]
[SourceVersion "1"]
[SourceVersionDate "2011.03.01"]
[SourceQuality "1"]

1. e4 g6 2. d4 Bg7 3. Nf3 c5 4. c3 cxd4 5. cxd4 d5 6. exd5 Nf6 7. Nc3 0-0 8. Qb3 Nbd7 9. Bc4 Nb6 10. 0-0 Nxc4 11. Qxc4 b6 12. Bg5 Bb7 13. Bxf6 Bxf6 14. Ne5 Rc8 15. Qb3 Qd6 16. Rfe1 Rfd8 17. Rac1 Kg7 18. Nc4 Qd7 19. Ne5 Qd6 20. Nc4 Qd7 21. Ne5 Qd6 22. Nc4 Qf4 23. Ne3 Qxd4 24. Rcd1 Qf4 25. Nb5 Qb8 26. Ng4 Rc5 27. d6 exd6 28. Nxf6 Kxf6 29. Qb4 Kg7 30. Re7 Re8 31. Qd4+ Kg8 32. Rxb7 Qxb7 33. Nxd6 Qe7 1/2-1/2

[Event "Belogradchik op"]
[Site "Belogradchik"]
[Date "2010.09.07"]
[Round "3"]
[White "Petrovic, Milan"]
[Black "Angelov, Angel"]
[Result "0-1"]
[WhiteElo "1959"]
[BlackElo "2214"]
[PlyCount "83"]
[EventDate "2010.09.06"]
[EventType "swiss"]
[EventRounds "5"]
[EventCountry "BUL"]
[SourceTitle "CBM 138 Extra"]
[Source "ChessBase"]
[SourceDate "2010.10.29"]
[SourceVersion "1"]
[SourceVersionDate "2010.10.29"]
[SourceQuality "1"]

1. e4 Nc6 2. Nf3 g6 3. d4 Bg7 4. Bb5 a6 5. Ba4 b5 6. Bb3 Na5 7. 0-0 Nxb3 8. axb3 Bb7 9. Re1 d6 10. Bf4 Nf6 11. e5 Nh5 12. exd6 cxd6 13. Bg5 Nf6 14. Nbd2 h6 15. Bxf6 Bxf6 16. Ne4 Bg7 17. Qd3 0-0 18. Re3 Rc8 19. c3 f5 20. Neg5 hxg5 21. Nxg5 e5 22. Ne6 Qf6 23. Nxf8 e4 24. Nh7 Kxh7 25. Rh3+ Kg8 26. Qe2 Rf8 27. d5 Qe5 28. Rg3 Kf7 29. h4 Bf6 30. h5 g5 31. h6 g4 32. Ra2 Rh8 33. c4 b4 34. Ra4 Rxh6 35. Rxb4 Bc8 36. Qe3 f4 37. Qa7+ Kg6 38. Qb8 fxg3 39. Qxc8 gxf2+ 40. Kxf2 Qxb2+ 41. Kg3 Qc3+ 42. Kf2 0-1

[Event "Belogradchik op"]
[Site "Belogradchik"]
[Date "2010.09.06"]
[Round "2"]
[White "Angelov, Angel"]
[Black "Krastev, Vasil"]
[Result "1/2-1/2"]
[WhiteElo "2214"]
[BlackElo "2002"]
[PlyCount "120"]
[EventDate "2010.09.06"]
[EventType "swiss"]
[EventRounds "5"]
[EventCountry "BUL"]
[SourceTitle "CBM 138 Extra"]
[Source "ChessBase"]
[SourceDate "2010.10.29"]
[SourceVersion "1"]
[SourceVersionDate "2010.10.29"]
[SourceQuality "1"]

1. Nf3 Nf6 2. g3 g6 3. Bg2 Bg7 4. 0-0 c5 5. d3 0-0 6. c3 Nc6 7. e4 d6 8. Re1 Bg4 9. h3 Bxf3 10. Bxf3 Ne5 11. Bg2 c4 12. dxc4 Nxc4 13. Nd2 Ne5 14. Qe2 Nfd7 15. f4 Nc6 16. Kh2 a5 17. Nf1 Qc7 18. Be3 a4 19. a3 Na5 20. Nd2 Nb6 21. Bf1 Rac8 22. Rad1 Nbc4 23. Nxc4 Nxc4 24. Qxc4 Qxc4 25. Bxc4 Rxc4 26. Bf2 Rfc8 27. Kg2 Kf8 28. Kf3 R4c6 29. Rd5 e6 30. Ra5 Ra6 31. Rb5 Rc7 32. Rd1 Ke7 33. Bd4 Bxd4 34. Rxd4 b6 35. Rbb4 Rca7 36. g4 h6 37. h4 Ra8 38. Ke3 Kd7 39. e5 d5 40. c4 Kc6 41. cxd5+ exd5 42. Rd2 Ra5 43. f5 Re8 44. Kf4 gxf5 45. gxf5 d4 46. Rbxd4 Raxe5 47. Rxa4 Re1 48. Rc4+ Kb5 49. Rb4+ Kc6 50. Rc4+ Kb5 51. Rb4+ Kc6 52. Rc2+ Kb7 53. Rf2 f6 54. Rf3 h5 55. Rfb3 Rf1+ 56. Rf3 Rg1 57. Rfb3 Rf1+ 58. Rf3 Rg1 59. Rfb3 Rf1+ 60. Rf3 Rg1 1/2-1/2

[Event "Kesarovski Georgiev Memorial 9th"]
[Site "Sunny Beach"]
[Date "2010.09.01"]
[Round "5"]
[White "Angelov, Angel"]
[Black "Novosadova, Kristyna"]
[Result "0-1"]
[WhiteElo "2230"]
[BlackElo "2043"]
[PlyCount "48"]
[EventDate "2010.08.28"]
[EventType "swiss"]
[EventRounds "9"]
[EventCountry "BUL"]
[SourceTitle "CBM 138 Extra"]
[Source "ChessBase"]
[SourceDate "2010.10.29"]
[SourceVersion "1"]
[SourceVersionDate "2010.10.29"]
[SourceQuality "1"]

1. e4 e5 2. Nf3 Nc6 3. Bb5 f5 4. d4 fxe4 5. Nxe5 Nxe5 6. dxe5 c6 7. Bc4 Qa5+ 8. Nc3 Qxe5 9. Bxg8 Rxg8 10. 0-0 d5 11. f3 Bc5+ 12. Kh1 e3 13. f4 Qe7 14. f5 Bd7 15. Qd3 0-0-0 16. Na4 Bd6 17. g3 c5 18. b3 d4 19. Nb2 Bc6+ 20. Kg1 Bxg3 21. f6 Bxh2+ 22. Kxh2 Qe5+ 23. Kh3 Qh5+ 24. Kg3 gxf6+ 0-1

[Event "Teteven op 25th"]
[Site "Teteven"]
[Date "2010.08.14"]
[Round "1"]
[White "Georgiev, Emil"]
[Black "Angelov, Angel"]
[Result "0-1"]
[WhiteElo "1768"]
[BlackElo "2214"]
[PlyCount "42"]
[EventDate "2010.08.14"]
[EventType "swiss"]
[EventRounds "9"]
[EventCountry "BUL"]
[SourceTitle "EXT 2011"]
[Source "ChessBase"]
[SourceDate "2010.11.26"]
[SourceVersion "1"]
[SourceVersionDate "2010.11.26"]
[SourceQuality "1"]

1. e4 c5 2. Nf3 e6 3. d4 cxd4 4. Nxd4 a6 5. Bd3 Nf6 6. Bg5 d6 7. Nc3 b5 8. 0-0 Bb7 9. Kh1 Be7 10. f3 Nbd7 11. h4 h6 12. Be3 Nh5 13. Nde2 Bxh4 14. Bxb5 axb5 15. Nxb5 0-0 16. Nxd6 Ba6 17. c4 Ng3+ 18. Nxg3 Bxg3 19. Rf2 Qh4+ 20. Kg1 Qh2+ 21. Kf1 Bxd6 0-1

[Event "BUL-chT-B 60th"]
[Site "Albena"]
[Date "2010.05.28"]
[Round "3.3"]
[White "Angelov, Angel"]
[Black "Stoilov, Atanas"]
[Result "0-1"]
[WhiteElo "2240"]
[BlackElo "2162"]
[PlyCount "126"]
[EventDate "2010.05.27"]
[EventType "team-tourn"]
[EventRounds "9"]
[EventCountry "BUL"]
[SourceTitle "CBM 136 Extra"]
[Source "ChessBase"]
[SourceDate "2010.07.02"]
[SourceVersion "2"]
[SourceVersionDate "2010.07.15"]
[SourceQuality "1"]
[WhiteTeam "Shumen 2005"]
[BlackTeam "Pazardzhik"]
[WhiteTeamCountry "BUL"]
[BlackTeamCountry "BUL"]

1. e4 c5 2. Nf3 Nc6 3. c3 d6 4. d4 Nf6 5. d5 Nb8 6. Bd3 g6 7. 0-0 Bg7 8. h3 0-0 9. c4 e6 10. Nc3 exd5 11. exd5 Ne8 12. Re1 Nd7 13. Bg5 f6 14. Be3 Ne5 15. Nxe5 fxe5 16. Qd2 Bf5 17. Ne4 Bxe4 18. Bxe4 Nf6 19. f3 Nh5 20. Kh2 Qh4 21. Qf2 Qxf2 22. Bxf2 Bh6 23. Re2 a5 24. Be3 Bf4+ 25. Bxf4 exf4 26. Bc2 Rfe8 27. Rae1 Rxe2 28. Rxe2 Kf7 29. Ba4 Rd8 30. Re4 g5 31. Kg1 Ng3 32. Re6 Nf5 33. Kf2 Ne3 34. Re4 Nf5 35. Re6 Nd4 36. Re4 Nf5 37. Re6 h5 38. a3 Nd4 39. Re4 h4 40. Ke1 Rc8 41. Kd2 Rc7 42. Be8+ Kf6 43. b4 axb4 44. axb4 b6 45. Kd3 Re7 46. bxc5 bxc5 47. Ba4 Ra7 48. Bc6 Ra3+ 49. Kd2 Ra2+ 50. Kd3 Rxg2 51. Re8 Rf2 52. Rf8+ Kg7 53. Rd8 Rxf3+ 54. Kd2 Nf5 55. Bd7 Ne3 56. Bb5 g4 57. Ke2 Rxh3 58. Rxd6 Nf5 59. Rd7+ Kf6 60. Rd8 f3+ 61. Kf2 Rh2+ 62. Kg1 Rg2+ 63. Kf1 Ne3+ 0-1